[Event "Athens Open"]
[Site "Athens GRE"]
[Date "1993.??.??"]
[Round "3"]
[White "Georgiev, Krum I"]
[Black "Botsari-Miladinovic, Anna-Maria"]
[Result "0-1"]
[WhiteElo "2475"]
[BlackElo "2245"]
[PlyCount "64"]
[EventDate "1993.07.??"]
[Source "www.chesslib.no"]
[SourceDate "2004.05.04"]

1. e4 a6 2. d4 b5 3. Bd3 Bb7 4. Ne2 Nf6 5. e5 Nd5 6. c3 e6 7. O-O c5 8. Ng3 cxd4 9. cxd4 Qb6 10. Be4 d6 11. Qf3 Nd7 12. Nc3 Qxd4 13. Rd1 Qc4 14. Bxd5 exd5 15. exd6 Bxd6 16. Nf5 Be5 17. Nxd5 Rb8 18. b3 Bxd5 19. Rxd5 Qc7 20. Qe4 O-O 21. f4 Bf6 22. Bb2 Rfe8 23. Qb1 Qc6 24. Bxf6 Nxf6 25. Rd2 Ne4 26. Nd4 Qc3 27. Rd3 Qc5 28. Qc2 Qa7 29. Kf1 Rbc8 30. Qb2 Qc7 31. g3 Qb7 32. Re1 Nxg3+ 0-1

[Event "Rubinstein mem"]
[Site "Polanica Zdroj"]
[Date "1980.??.??"]
[Round "10"]
[White "Pokojowczyk, Jerzy"]
[Black "Przewoznik, Jan"]
[Result "1-0"]
[WhiteElo "2380"]
[BlackElo "2340"]
[PlyCount "65"]
[EventDate "1980.08.??"]
[Source "ChessBase"]

1. e4 a6 2. d4 b5 3. Bd3 Bb7 4. Nf3 e6 5. O-O c5 6. c3 Nf6 7. Nbd2 Nc6 8. Qe2 cxd4 9. cxd4 Be7 10. a4 Nb4 11. Bb1 bxa4 12. e5 Nfd5 13. Ne4 Bc6 14. Rd1 Bb5 15. Qe1 Rc8 16. Bg5 Nc2 17. Bxc2 Rxc2 18. Nd6+ Kf8 19. Bxe7+ Kxe7 20. Qe4 Rxb2 21. Ng5 Rf8 22. Qh4 f6 23. Qxh7 Rg8 24. Qg6 Qf8 25. Nh7 Nf4 26. Nxf8 Nxg6 27. Nxg6+ Kd8 28. Rdc1 Bc6 29. Rxa4 fxe5 30. dxe5 Rf8 31. Nxf8 Bxa4 32. Rc8+ Ke7 33. Ng6# 1-0

[Event "Presov op"]
[Site "?"]
[Date "2000.??.??"]
[Round "3"]
[White "Khamatgaleev Alexej"]
[Black "Chetverik Maxim"]
[Result "1-0"]
[WhiteElo "2400"]
[BlackElo "2315"]
[PlyCount "79"]
[EventDate "2000.??.??"]
[Source "www.chesslib.no"]
[SourceDate "2004.05.04"]

1. e4 a6 2. d4 b5 3. Nf3 Bb7 4. Bd3 Nf6 5. e5 Nd5 6. c3 c5 7. O-O e6 8. Nbd2 cxd4 9. cxd4 Nc6 10. Ne4 Qb6 11. Be3 f5 12. exf6 gxf6 13. a4 f5 14. Nc3 Nxe3 15. fxe3 b4 16. a5 Qd8 17. Ne2 Rg8 18. d5 Ne7 19. dxe6 dxe6 20. Nf4 Bd5 21. Ne5 Rg5 22. Qa4+ Nc6 23. Nxd5 Rxg2+ 24. Kxg2 Qxd5+ 25. e4 fxe4 26. Qxc6+ Qxc6 27. Nxc6 exd3 28. Rad1 Rc8 29. Nd4 e5 30. Ne6 Rc2+ 31. Kh3 Bh6 32. Rxd3 Ke7 33. Rdf3 Bc1 34. Ng7 Bxb2 35. Rf6 Rc3+ 36. Kg2 Rc2+ 37. Kh1 Rc1 38. Re6+ Kd7 39. Rxc1 Bxc1 40. Rb6 1-0

[Event "Norderstedt op2"]
[Site "Norderstedt"]
[Date "2000.10.31"]
[Round "5"]
[White "Velicka, Petr"]
[Black "Sell, Achim"]
[Result "1-0"]
[WhiteElo "2464"]
[BlackElo "2251"]
[PlyCount "59"]
[EventDate "2000.11.??"]
[Source "ChessBase"]
[SourceDate "2001.01.11"]

1. e4 a6 2. d4 c5 3. c3 cxd4 4. cxd4 d5 5. exd5 Nf6 6. Nc3 b5 7. Qb3 e6 8. Bg5 Be7 9. Bxf6 Bxf6 10. Nf3 O-O 11. Be2 Re8 12. Rd1 Ra7 13. O-O exd5 14. a4 b4 15. Qxb4 Rb7 16. Qa3 Bg4 17. h3 Bh5 18. Rd2 Qa5 19. Rfd1 Be7 20. Qa2 Bb4 21. Ne5 Bxc3 22. bxc3 Bxe2 23. Rxe2 Rbe7 24. Re3 h5 25. Rde1 Re6 26. Qb3 Rc8 27. Qb7 Qc7 28. Qxd5 g6 29. Nxf7 Rxe3 30. Ng5+ 1-0

[Event "Ch (1/2 final)"]
[Site "?"]
[Date "2002.??.??"]
[Round "5"]
[White "Frolov Denis"]
[Black "Kutuzov Denis"]
[Result "1-0"]
[WhiteElo "2473"]
[BlackElo "2240"]
[PlyCount "55"]
[EventDate "2002.??.??"]
[Source "www.chesslib.no"]
[SourceDate "2004.05.04"]

1. e4 a6 2. d4 b5 3. a4 Bb7 4. Nd2 Nf6 5. e5 Nd5 6. Nb3 e6 7. Nf3 Bb4+ 8. c3 bxa4 9. Nc5 Bxc5 10. dxc5 Qe7 11. Rxa4 Qxc5 12. Rg4 Nb6 13. Be3 Bxf3 14. gxf3 Qxe5 15. Rg5 f5 16. f4 Qa5 17. Rxg7 Nd5 18. Rhg1 c5 19. Bg2 Kd8 20. Bxd5 exd5 21. Qxd5 Qa1+ 22. Ke2 Qxb2+ 23. Kf3 Ra7 24. Qxc5 Qb7+ 25. Kg3 h5 26. Kh4 Nc6 27. Qd6 Re8 28. Rg8 1-0

[Event "Corr"]
[Site "?"]
[Date "1999.02.15"]
[Round "?"]
[White "Neborak Yury Trofimovich (R"]
[Black "Lyukmanov Vyacheslav Borisovi"]
[Result "1-0"]
[WhiteElo "2289"]
[BlackElo "2419"]
[PlyCount "27"]
[EventDate "1999.??.??"]
[Source "www.chesslib.no"]
[SourceDate "2004.05.04"]

1. e4 a6 2. d4 b5 3. f4 Bb7 4. Bd3 Nf6 5. Nd2 e6 6. a4 c5 7. axb5 axb5 8. Rxa8 Bxa8 9. dxc5 Bxc5 10. Qe2 Nc6 11. Nb3 Bxg1 12. Rxg1 Nb4 13. Bd2 O-O 14. Bxb4 1-0

[Event "SCO Ch"]
[Site "Slovenia"]
[Date "1992.??.??"]
[Round "6"]
[White "Duncan, Christopher R"]
[Black "McKay, Roderick M"]
[Result "1/2-1/2"]
[WhiteElo "2325"]
[BlackElo "2380"]
[PlyCount "55"]
[EventDate "1992.??.??"]
[Source "www.chesslib.no"]
[SourceDate "2004.05.04"]

1. e4 a6 2. d4 c5 3. c3 cxd4 4. cxd4 d5 5. e5 Nc6 6. Nc3 Bf5 7. Bd3 Bxd3 8. Qxd3 e6 9. f4 Nh6 10. Nf3 Nf5 11. O-O Rc8 12. Rb1 h5 13. Be3 Bb4 14. Ne2 Be7 15. Bf2 Qa5 16. Nc1 O-O 17. g3 Nb4 18. Qb3 Qb5 19. Rd1 Qc4 20. a3 Nc6 21. Qxc4 dxc4 22. Ne2 b5 23. d5 exd5 24. Rxd5 b4 25. a4 Rfd8 26. Rxd8+ Bxd8 27. Ned4 Nfxd4 28. Nxd4 1/2-1/2

[Event "AUT-chT 9697"]
[Site "Austria"]
[Date "1997.??.??"]
[Round "8"]
[White "Brestian, Egon"]
[Black "Beck, Hartmuth"]
[Result "1/2-1/2"]
[WhiteElo "2455"]
[BlackElo "2250"]
[PlyCount "170"]
[EventDate "1996.??.??"]
[Source "ChessBase"]

1. e4 a6 2. d4 b5 3. Be3 Bb7 4. Nd2 e6 5. Bd3 d6 6. a4 c6 7. Ngf3 Nd7 8. c4 b4 9. Nb3 c5 10. d5 e5 11. O-O Ne7 12. Ne1 Ng6 13. g3 Be7 14. Ng2 a5 15. Nc1 Qc7 16. Ne2 O-O-O 17. f4 Bf6 18. f5 Ne7 19. g4 Ng8 20. g5 Be7 21. Ng3 f6 22. h4 h6 23. Qh5 Rf8 24. b3 Qd8 25. g6 Re8 26. Qe2 Nb8 27. Nh5 Bf8 28. Ne1 Na6 29. Nf3 Kb8 30. Kf2 Ka8 31. Rh1 Qe7 32. Rag1 Qd8 33. Ke1 Bc8 34. Kd2 Bb7 35. Kc1 Nb8 36. Kb2 Nd7 37. Bc2 Bc8 38. Nh2 Bb7 39. Ng4 Qe7 40. Qd2 Rc8 41. Rh2 Re8 42. Bd1 Bc8 43. Be2 Kb8 44. Kc1 Qd8 45. Rhg2 Qe7 46. Kd1 Qd8 47. Ke1 Qe7 48. Kf2 Qd8 49. Kg3 Nb6 50. Rh1 Nd7 51. Kf2 Qe7 52. Kg1 Qd8 53. Rhh2 Qe7 54. Nf2 Qd8 55. Nd3 Qc7 56. Qe1 Bb7 57. Bf1 Rc8 58. Rb2 Re8 59. Rhc2 Rc8 60. Nf2 Re8 61. Rb1 Rc8 62. Rcb2 Re8 63. Bd2 Qb6 64. Nd1 Kc7 65. Bc1 Ra8 66. Rg2 Re8 67. Bd2 Ra8 68. Ne3 Re8 69. Nc2 Ra8 70. Ng3 Qa7 71. Ne2 Nb8 72. Nc1 Kd7 73. h5 Na6 74. Nd3 Nc7 75. Ne3 Re8 76. Ng4 Re7 77. Be3 Kc8 78. Bf2 Rd7 79. Rd1 Qb8 80. Be3 Ne8 81. Rgd2 Qc7 82. Bg2 Qb6 83. Qf2 Nc7 84. Bf3 Na6 85. Nc1 Ba8 1/2-1/2

[Event "Corr"]
[Site "?"]
[Date "1996.04.15"]
[Round "?"]
[White "Fraser Fred J.L.(ENG)"]
[Black "Donskikh Yury Fedorovich (RU"]
[Result "0-1"]
[WhiteElo "2300"]
[BlackElo "2405"]
[PlyCount "110"]
[EventDate "1996.??.??"]
[Source "www.chesslib.no"]
[SourceDate "2004.05.04"]

1. e4 a6 2. d4 b5 3. Nf3 Bb7 4. Bd3 e6 5. a4 c5 6. axb5 axb5 7. Rxa8 Bxa8 8. Bxb5 Bxe4 9. dxc5 Bxc5 10. Nc3 Nf6 11. O-O Bb7 12. Bg5 O-O 13. Ne5 d5 14. Qf3 Be7 15. Ra1 Qb6 16. Be3 Bc5 17. Nc4 Qc7 18. Bf4 Qc8 19. Na5 Nc6 20. Nb3 Be7 21. Qe2 Qd8 22. Rd1 Bd6 23. Bg5 Ne5 24. Ra1 h6 25. Bf4 Nc4 26. Bxd6 Nxd6 27. Qe3 Qc7 28. Bd3 Ra8 29. Rxa8+ Bxa8 30. Qf4 Nd7 31. Qa4 Nb6 32. Qa5 Ndc4 33. Bxc4 dxc4 34. Nd2 Qc6 35. f3 Qd6 36. Nxc4 Qd4+ 37. Kh1 Nxc4 38. Qxa8+ Kh7 39. Qa1 Qf2 40. Ne4 Qxc2 41. b4 f5 42. Nc5 Qe2 43. Qg1 e5 44. Ne6 Ne3 45. Nf8+ Kg8 46. Ng6 e4 47. Nf4 Qd2 48. Nh3 Nd5 49. fxe4 fxe4 50. Qa7 e3 51. Qb8+ Kh7 52. Qe5 e2 53. Qf5+ Kg8 54. Qc8+ Kf7 55. Qd7+ Kf6 0-1

[Event "Gyongyos Matra Cup"]
[Site "?"]
[Date "1998.??.??"]
[Round "8"]
[White "Vujosevic Vladimir"]
[Black "Chetverik Maxim"]
[Result "1/2-1/2"]
[WhiteElo "2370"]
[BlackElo "2330"]
[PlyCount "84"]
[EventDate "1998.??.??"]
[Source "www.chesslib.no"]
[SourceDate "2004.05.04"]

1. e4 a6 2. d4 b5 3. Bd3 Bb7 4. Nf3 e6 5. O-O c5 6. c3 Nf6 7. Qe2 Be7 8. a4 cxd4 9. cxd4 b4 10. Nbd2 Nc6 11. Nb3 Na5 12. Nxa5 Qxa5 13. Nd2 Qh5 14. f3 g5 15. Nb3 a5 16. h3 Qh4 17. Kh2 Nh5 18. Qf2 Qxf2 19. Rxf2 f6 20. Rc2 Bd6+ 21. Kg1 Nf4 22. Bb5 Ke7 23. Nc5 Rac8 24. Be3 Rc7 25. Rd2 Bxc5 26. dxc5 Bc6 27. Bxc6 Rxc6 28. Rad1 Rd8 29. Rd6 Ng6 30. Rxc6 dxc6 31. Rxd8 Kxd8 32. b3 Kd7 33. g3 e5 34. g4 Ke6 35. Kf2 h6 36. Ke2 Nf4+ 37. Bxf4 exf4 38. Kd3 Ke5 39. Kc4 Ke6 40. Kd3 Ke5 41. Kc4 Ke6 42. Kd3 Ke5 1/2-1/2

[Event "Petrosian Mem Open"]
[Site "?"]
[Date "2004.11.23"]
[Round "5"]
[White "Mamikonian Tigran"]
[Black "Chibukhchian Artur"]
[Result "0-1"]
[WhiteElo "2296"]
[BlackElo "2402"]
[PlyCount "88"]
[EventDate "2004.??.??"]
[Source "www.chesslib.no"]
[SourceDate "2004.05.04"]

1. e4 a6 2. d4 d6 3. Nf3 Nf6 4. Bd3 Nc6 5. c3 e5 6. O-O g6 7. h3 Bg7 8. Be3 O-O 9. Nbd2 Nh5 10. Bc4 h6 11. Nb3 Qf6 12. d5 Nb8 13. Be2 Nf4 14. c4 b6 15. Qd2 Nxe2+ 16. Qxe2 a5 17. Nfd2 Qh4 18. Rae1 Nd7 19. f4 exf4 20. Rxf4 Qe7 21. Nd4 Ne5 22. Rf2 Bd7 23. b3 Rae8 24. Nb1 Qh4 25. Nd2 f5 26. exf5 gxf5 27. Rf4 Qe7 28. N2f3 Ng6 29. Qd2 Nxf4 30. Bxf4 Qf6 31. Rd1 Re4 32. g3 Rfe8 33. Kf2 Kh7 34. Qd3 Qg6 35. Rd2 Bf6 36. Rd1 Kh8 37. Qd2 Kh7 38. Qd3 Qh5 39. Qf1 Bg5 40. Bxg5 hxg5 41. Rd3 g4 42. Nh4 f4 43. Qd1 fxg3+ 44. Kxg3 Re3+ 0-1

[Event "Lansing, MI"]
[Site "?"]
[Date "2004.09.06"]
[Round "6.1"]
[White "Czuhai Kevin"]
[Black "Florean Andrei"]
[Result "0-1"]
[WhiteElo "2200"]
[BlackElo "2496"]
[PlyCount "78"]
[EventDate "2004.??.??"]
[Source "www.chesslib.no"]
[SourceDate "2004.05.04"]

1. e4 a6 2. d4 b5 3. Nf3 Bb7 4. Bd3 e6 5. O-O Be7 6. a4 b4 7. c4 d6 8. Qe2 Nd7 9. Nbd2 e5 10. Nb3 c5 11. dxe5 dxe5 12. Ne1 Bg5 13. Nc2 Bxc1 14. Raxc1 Ne7 15. Ne3 O-O 16. Nd5 Nc6 17. Qh5 a5 18. f4 exf4 19. e5 g6 20. Qh6 Ncxe5 21. Rxf4 Bxd5 22. Rh4 Nf6 23. Be2 Bc6 24. Rf1 Re8 25. Rhf4 Ned7 26. Bf3 Bxf3 27. R4xf3 Qe7 28. h3 Ra6 29. g4 Ne5 30. Re3 Nfd7 31. g5 Re6 32. Rf4 Nc6 33. Ref3 Re1+ 34. Kg2 Nce5 35. Rf2 Qd6 36. Nd2 Qc6+ 37. Kg3 Rg1+ 38. Kh4 Rg2 39. Ne4 Qxe4 0-1

[Event "NOR-ch"]
[Site "NOR"]
[Date "1980.??.??"]
[Round "8"]
[White "Hoen, Ragnar"]
[Black "Tiller, Bjorn"]
[Result "1/2-1/2"]
[WhiteElo "2395"]
[BlackElo "2300"]
[PlyCount "81"]
[EventDate "1980.??.??"]
[Source "ChessBase"]

1. e4 a6 2. d4 b5 3. Nf3 Bb7 4. Bd3 Nf6 5. Qe2 e6 6. O-O c5 7. dxc5 Bxc5 8. a4 b4 9. Nbd2 Qc7 10. Nc4 Nxe4 11. Bxe4 d5 12. Bd3 dxc4 13. Bxc4 Nd7 14. b3 Nb6 15. Bb2 Nxc4 16. Qxc4 Rc8 17. Qg4 f5 18. Qh3 Qe7 19. Rae1 O-O 20. Re2 Be4 21. Kh1 Bd6 22. Ne1 e5 23. Qe3 Rce8 24. Nd3 Ba8 25. f4 exf4 26. Qd4 Qg5 27. Ref2 Qh6 28. Bc1 Re4 29. Qb6 g5 30. Nc5 f3 31. g3 Rg4 32. Nb7 Bxb7 33. Qxb7 Rxg3 34. Qd5+ Rf7 35. Re1 Rg2 36. Re8+ Bf8 37. Rxg2 fxg2+ 38. Kxg2 f4 39. Kg1 Qf6 40. Bb2 Qxb2 41. Rxf8+ 1/2-1/2

[Event "Julian Borowski-C 4th"]
[Site "Essen"]
[Date "2002.05.20"]
[Round "5"]
[White "Baramidze, David"]
[Black "Heinzel, Olaf"]
[Result "1-0"]
[WhiteElo "2321"]
[BlackElo "2374"]
[PlyCount "39"]
[EventDate "2002.05.16"]
[Source "ChessBase"]
[SourceDate "2002.07.08"]

1. e4 a6 2. d4 b5 3. Nf3 Bb7 4. Bd3 e6 5. a4 b4 6. O-O c5 7. Nbd2 d6 8. dxc5 dxc5 9. Qe2 Ne7 10. Nc4 Ng6 11. e5 Nd7 12. Be4 Qc7 13. Rd1 Rb8 14. h4 Bxe4 15. Qxe4 h5 16. Bg5 Nb6 17. Rd2 Be7 18. Bxe7 Kxe7 19. Nd6 Nd7 20. Nxf7 1-0

[Event "Presov op"]
[Site "?"]
[Date "2000.??.??"]
[Round "5"]
[White "Pribyl Josef"]
[Black "Chetverik Maxim"]
[Result "1-0"]
[WhiteElo "2376"]
[BlackElo "2315"]
[PlyCount "133"]
[EventDate "2000.??.??"]
[Source "www.chesslib.no"]
[SourceDate "2004.05.04"]

1. e4 a6 2. d4 b5 3. Nf3 Bb7 4. Bd3 Nf6 5. Qe2 e6 6. a4 c5 7. c3 cxd4 8. cxd4 b4 9. O-O Be7 10. Nbd2 d5 11. e5 Nfd7 12. a5 Nc6 13. Nb3 h6 14. Bd2 Nf8 15. Rfc1 g5 16. Ne1 h5 17. Nc2 f6 18. exf6 Bxf6 19. Nxb4 Nxd4 20. Nxd4 Bxd4 21. Nc6 Bxc6 22. Rxc6 Qf6 23. Bxa6 Kf7 24. Bb7 Ra7 25. a6 Bxb2 26. Bxg5 Qxg5 27. Qxb2 Qf6 28. Rc7+ Kg6 29. Qc2+ Kh6 30. Rd1 Rg8 31. Qc5 Qf4 32. Qe3 Rg4 33. Rd4 Qxe3 34. fxe3 Kg5 35. Rg7+ Kf6 36. Rdxg4 hxg4 37. Rxg4 Nd7 38. Rf4+ Ke7 39. h4 Nc5 40. h5 Nxb7 41. axb7 Rxb7 42. g4 e5 43. Rf2 Rb4 44. g5 Rh4 45. h6 d4 46. exd4 exd4 47. Kf1 Rh5 48. Rg2 Kf7 49. g6+ Kg8 50. h7+ Kg7 51. Ke2 Rd5 52. Kd3 Rd8 53. Rg4 Ra8 54. Rg1 Rd8 55. Rg2 Rd6 56. Rg5 Rd8 57. Rh5 Rh8 58. Rg5 Rd8 59. Rg1 Rd6 60. Rg2 Rd8 61. Rg4 Ra8 62. Ke4 Rb8 63. Kf5 Rd8 64. Re4 Rd5+ 65. Ke6 Rg5 66. h8=Q+ Kxh8 67. Kf6 1-0

[Event "AUT-chT2O 9697"]
[Site "Austria"]
[Date "1997.??.??"]
[Round "8"]
[White "Videki, Sandor"]
[Black "Weber, Gerold"]
[Result "1-0"]
[WhiteElo "2375"]
[BlackElo "2315"]
[PlyCount "93"]
[EventDate "1996.??.??"]
[Source "www.chesslib.no"]
[SourceDate "2004.05.04"]

1. e4 a6 2. d4 b5 3. Nf3 Bb7 4. Bd3 e6 5. O-O c5 6. c3 Nc6 7. Re1 Qc7 8. Nbd2 cxd4 9. Nxd4 Bc5 10. N2f3 Nge7 11. Be3 d6 12. Ng5 Nxd4 13. cxd4 Bb4 14. Re2 h6 15. Rc2 Qd7 16. Nh3 O-O 17. Qh5 Rac8 18. Rxc8 Nxc8 19. a3 Ba5 20. a4 Bb4 21. axb5 a5 22. Qe2 f5 23. f3 d5 24. e5 Nb6 25. g4 Nc4 26. Nf4 g5 27. Nh5 Be7 28. b3 Nxe3 29. Qxe3 Qc7 30. Rc1 Qb6 31. Kg2 Bd8 32. h4 f4 33. Qf2 Ba8 34. Rc5 Qb7 35. Qc2 Qd7 36. hxg5 hxg5 37. Qc3 Bb7 38. Qc1 Bb6 39. Nf6+ Rxf6 40. exf6 Bxc5 41. dxc5 Qd8 42. c6 Bc8 43. Qc5 Qxf6 44. b6 Qg7 45. Qc2 Kf8 46. Qc5+ Kg8 47. Qb5 1-0

[Event "Porz Open 29th"]
[Site "Porz GER"]
[Date "1993.??.??"]
[Round "4"]
[White "Koscielski, Janusch"]
[Black "Gazic, Josip"]
[Result "1-0"]
[WhiteElo "2315"]
[BlackElo "2375"]
[PlyCount "53"]
[EventDate "1993.??.??"]
[Source "www.chesslib.no"]
[SourceDate "2004.05.04"]

1. e4 a6 2. d4 d6 3. Be3 Nd7 4. Qd2 e5 5. Ne2 Ngf6 6. f3 Be7 7. Nbc3 c6 8. g4 O-O 9. g5 Ne8 10. O-O-O Nc7 11. d5 c5 12. Ng3 Re8 13. h4 b5 14. h5 Nf8 15. Nf5 b4 16. Ne2 Nb5 17. h6 gxh6 18. Nxh6+ Kg7 19. Ng3 Ng6 20. Nhf5+ Kf8 21. Rxh7 Kg8 22. Rg7+ Kf8 23. Qh2 Bxf5 24. Nxf5 Bxg5 25. Rxf7+ Kxf7 26. Qh7+ Kf6 27. Qg7# 1-0

[Event "Candas Open"]
[Site "Candas"]
[Date "1992.??.??"]
[Round "4"]
[White "Maljutin, Evgeni"]
[Black "Ribeiro, Fernando"]
[Result "0-1"]
[WhiteElo "2465"]
[BlackElo "2220"]
[PlyCount "108"]
[EventDate "1992.10.??"]
[Source "www.chesslib.no"]
[SourceDate "2004.05.04"]

1. e4 a6 2. d4 c5 3. c3 cxd4 4. cxd4 d5 5. exd5 Nf6 6. Nc3 Nxd5 7. Bc4 e6 8. Nf3 Be7 9. O-O O-O 10. Re1 Nxc3 11. bxc3 b5 12. Bd3 Bb7 13. Ne5 Nd7 14. Rb1 Nxe5 15. Rxe5 Bf6 16. Re3 g6 17. a4 Qd5 18. Qf1 bxa4 19. Be4 Qxe4 20. Rxe4 Bxe4 21. Ra1 Bc2 22. Qe2 Bb3 23. Qf3 Bg7 24. h4 h5 25. g4 hxg4 26. Qxg4 Rfd8 27. h5 gxh5 28. Qxh5 Rac8 29. Qg4 f5 30. Qg3 Kf7 31. Kf1 Bf6 32. Ke2 Rg8 33. Qf3 Bd5 34. Qe3 Rg4 35. Kd3 Re4 36. Qg3 Bc4+ 37. Kc2 Bb3+ 38. Kd3 e5 39. Be3 Rg4 40. Qh3 Rh8 41. Qf1 e4+ 42. Kd2 f4 43. Qxa6 fxe3+ 44. Kxe3 Rh3+ 45. Ke2 Rxc3 46. Rxa4 Rc2+ 47. Ke3 Bg5+ 48. f4 exf3+ 49. Kxf3 Rf4+ 50. Kg3 Rc3+ 51. Kh2 Rh4+ 52. Kg1 Rg4+ 53. Kf1 Rf3+ 54. Ke2 Rg2+ 0-1

[Event "Corr"]
[Site "?"]
[Date "1997.10.15"]
[Round "?"]
[White "Pasierb Siegmund (GER)"]
[Black "Nicholls Mervyn C.(ENG)"]
[Result "0-1"]
[WhiteElo "2375"]
[BlackElo "2310"]
[PlyCount "106"]
[EventDate "1997.??.??"]
[Source "www.chesslib.no"]
[SourceDate "2004.05.04"]

1. e4 a6 2. c4 e6 3. Nc3 Bb4 4. d4 c5 5. a3 Ba5 6. dxc5 Bxc3+ 7. bxc3 Qa5 8. Qc2 Nf6 9. Bd3 Qxc5 10. Nf3 d6 11. Be3 Qc7 12. Rb1 Nbd7 13. O-O O-O 14. Nd2 Nc5 15. f3 Bd7 16. Rb4 Rfc8 17. Qb1 b6 18. Bc2 Bc6 19. Rd1 Nfd7 20. e5 Nxe5 21. Bxh7+ Kf8 22. Bc2 Rab8 23. Bd4 a5 24. Rb2 Bb7 25. Bxe5 dxe5 26. Nf1 Ba6 27. Ne3 Nd7 28. Ba4 Nf6 29. Bb5 Bb7 30. Re2 e4 31. fxe4 Bxe4 32. Qc1 Qc5 33. Kh1 Rd8 34. Ree1 Rbc8 35. Ba6 Ra8 36. Bb5 Kg8 37. Ba4 Rac8 38. Bb5 Bb7 39. Rxd8+ Rxd8 40. Rd1 Rxd1+ 41. Nxd1 Ne4 42. Qe3 Qxe3 43. Nxe3 Nxc3 44. Kg1 Be4 45. Kf2 f5 46. g3 g5 47. h4 gxh4 48. gxh4 Kf7 49. h5 Bd3 50. a4 Be2 51. h6 Kg6 52. Ke1 Bf3 53. Kf2 Nxb5 0-1

[Event "Peer Gynt"]
[Site "Gausdal NOR"]
[Date "1990.??.??"]
[Round "2"]
[White "Dannevig, Oystein"]
[Black "Gausel, Einar"]
[Result "0-1"]
[WhiteElo "2245"]
[BlackElo "2440"]
[PlyCount "76"]
[EventDate "1990.07.??"]
[Source "www.chesslib.no"]
[SourceDate "2004.05.04"]

1. e4 a6 2. d4 b5 3. Bd3 Bb7 4. Ne2 e6 5. O-O c5 6. c3 Nf6 7. Nd2 Nc6 8. a3 d6 9. b4 cxd4 10. cxd4 Be7 11. Bb2 O-O 12. Rc1 Rc8 13. Bb1 a5 14. bxa5 Nxa5 15. Rxc8 Qxc8 16. Nc3 Nc4 17. Nxc4 bxc4 18. f4 Qc6 19. Qc2 g6 20. f5 exf5 21. exf5 d5 22. Bc1 Qb6 23. Qf2 Qb3 24. Qg3 Nh5 25. Qf3 Bf6 26. Rd1 Qb6 27. Be3 Re8 28. Bf2 Qd6 29. a4 Bc6 30. Bc2 Bg7 31. Kh1 Qf4 32. Qxf4 Nxf4 33. g3 Nh3 34. Kg2 Nxf2 35. Kxf2 Rb8 36. fxg6 hxg6 37. Ke3 Rb2 38. Bb1 Bh6+ 0-1

[Event "Tenkes Cup op"]
[Site "?"]
[Date "1999.11.25"]
[Round "4"]
[White "Ardeleanu Alin"]
[Black "Chetverik Maxim"]
[Result "1/2-1/2"]
[WhiteElo "2409"]
[BlackElo "2273"]
[PlyCount "111"]
[EventDate "1999.??.??"]
[Source "www.chesslib.no"]
[SourceDate "2004.05.04"]

1. e4 a6 2. d4 b5 3. Nf3 Bb7 4. Bd3 Nf6 5. Nbd2 e6 6. a4 c5 7. c3 cxd4 8. cxd4 Nc6 9. O-O Qb6 10. axb5 axb5 11. Rxa8+ Bxa8 12. e5 Nb4 13. Bb1 Nfd5 14. Ne4 f5 15. exf6 Nxf6 16. Nfg5 Nbd5 17. Be3 Be7 18. Nxf6+ Nxf6 19. Bxh7 Qc6 20. Bg6+ Kf8 21. Qf3 Qxf3 22. Nxf3 Bxf3 23. gxf3 Bd6 24. Ra1 Ke7 25. h4 Rxh4 26. Ra8 Bf4 27. Bxf4 Rxf4 28. Rb8 Rxf3 29. Rxb5 Rf4 30. Bd3 Rxd4 31. Be2 Nd5 32. Bf3 Nf4 33. b3 Kf6 34. Rb8 Ke5 35. b4 Rd3 36. Ba8 d5 37. b5 Rd1+ 38. Kh2 Rf1 39. b6 Rxf2+ 40. Kg3 Rg2+ 41. Kf3 g5 42. Rg8 g4+ 43. Rxg4 Rb2 44. b7 Rb3+ 45. Kf2 Nd3+ 46. Ke2 Nc5 47. Rg7 Rb2+ 48. Kd1 Kd6 49. Kc1 Rb4 50. Kc2 d4 51. Kd2 Rb3 52. Rg4 e5 53. Rg6+ Kd7 54. Rg7+ Kd6 55. Rg6+ Kd7 56. Rg7+ 1/2-1/2

[Event "Saint Lo FRA"]
[Site "?"]
[Date "2005.07.09"]
[Round "2"]
[White "Saric Ivan"]
[Black "Poley Vladimir"]
[Result "1-0"]
[WhiteElo "2284"]
[BlackElo "2397"]
[PlyCount "85"]
[EventDate "2005.??.??"]
[Source "www.chesslib.no"]
[SourceDate "2004.05.04"]

1. e4 a6 2. d4 b5 3. Nf3 Bb7 4. Bd3 e6 5. O-O c5 6. c3 Qc7 7. Qe2 d6 8. Bf4 Nd7 9. Nbd2 e5 10. Bg3 Be7 11. a4 c4 12. Bc2 Rc8 13. axb5 axb5 14. b3 h5 15. h4 Ngf6 16. bxc4 bxc4 17. Rfb1 O-O 18. Ra7 Rb8 19. Nxc4 Rfc8 20. dxe5 dxe5 21. Nfxe5 Bc5 22. Nxd7 Qxd7 23. Bxb8 Bxa7 24. Bxa7 Ba6 25. Bd4 Bxc4 26. Qe3 Ne8 27. Bd1 Qe7 28. g3 Nd6 29. Bf3 Re8 30. Bc5 Qe5 31. Re1 Re6 32. Bd4 Qa5 33. Rb1 Re8 34. Qf4 Bd3 35. Re1 Nb5 36. Bxh5 g6 37. Bf6 Kh7 38. Bf3 Re6 39. h5 Nxc3 40. hxg6+ Kxg6 41. e5 Ne2+ 42. Rxe2 Qa1+ 43. Kg2 1-0

[Event "Barbera op"]
[Site "?"]
[Date "2000.??.??"]
[Round "1"]
[White "Asensio Lisan Teodoro"]
[Black "Kogan Artur"]
[Result "1-0"]
[WhiteElo "2175"]
[BlackElo "2504"]
[PlyCount "81"]
[EventDate "2000.??.??"]
[Source "www.chesslib.no"]
[SourceDate "2004.05.04"]

1. e4 a6 2. d4 g6 3. Nf3 Bg7 4. Be2 b5 5. O-O Bb7 6. Nbd2 d6 7. Re1 Nd7 8. c3 e6 9. a4 c6 10. axb5 axb5 11. Rxa8 Qxa8 12. d5 cxd5 13. Bxb5 Ne7 14. exd5 Bxd5 15. Nc4 Bxc4 16. Bxc4 Qc6 17. Qe2 d5 18. Bb5 Qd6 19. g3 Nf5 20. Bf4 Qe7 21. Ra1 O-O 22. Ra7 Rd8 23. Bg5 f6 24. Ne5 fxg5 25. Nc6 Qf6 26. Nxd8 Nc5 27. Ra8 Bf8 28. b4 Ne4 29. f3 Qxc3 30. Nxe6 Qc1+ 31. Kg2 Kf7 32. Rxf8+ Kxe6 33. fxe4 Ne3+ 34. Kf2 Nd1+ 35. Kf3 Ke7 36. Re8+ Kf7 37. exd5 g4+ 38. Kg2 Kg7 39. Qe7+ Kh6 40. Qh4+ Kg7 41. Re7+ 1-0

[Event "AUT-chT2O 9596"]
[Site "Austria"]
[Date "1995.??.??"]
[Round "2"]
[White "Franzen, Jozef"]
[Black "Weber, Gerold"]
[Result "1-0"]
[WhiteElo "2320"]
[BlackElo "2355"]
[PlyCount "105"]
[EventDate "1995.??.??"]
[Source "www.chesslib.no"]
[SourceDate "2004.05.04"]

1. e4 a6 2. d4 b5 3. Bd3 Bb7 4. Ne2 e6 5. O-O c5 6. c3 Nc6 7. a3 Rc8 8. Be3 Nf6 9. f3 d5 10. e5 Nd7 11. Nd2 Qb6 12. f4 g6 13. Nf3 c4 14. Bc2 h5 15. Bf2 Bg7 16. h3 Ne7 17. g4 Rc6 18. Bh4 hxg4 19. hxg4 f5 20. exf6 Nxf6 21. Bxf6 Bxf6 22. Ne5 Rc7 23. Kg2 g5 24. Rh1 gxf4 25. Rxh8+ Bxh8 26. Qh1 Bxe5 27. Qh5+ Kd7 28. Qxe5 Qd6 29. Qxd6+ Kxd6 30. Nxf4 Nc6 31. Rh1 Rg7 32. Kg3 Bc8 33. Rh6 Ne7 34. Nh5 Rf7 35. Nf6 a5 36. g5 e5 37. Ng4+ Kc7 38. Nxe5 Rf1 39. Rh7 Kd6 40. Rh2 Be6 41. g6 Rc1 42. Rf2 Ng8 43. Kh2 Ne7 44. g7 Bg8 45. Bg6 Re1 46. Bf7 Bh7 47. Nf3 Re4 48. Ng5 Rh4+ 49. Kg3 Rh6 50. Kg4 Kd7 51. Rf3 Bg6 52. Be6+ Kc7 53. Rh3 1-0

[Event "SWE-ch"]
[Site "Linkoping"]
[Date "1984.??.??"]
[Round "?"]
[White "Ornstein, Axel"]
[Black "Engstrom, Kaj"]
[Result "1-0"]
[WhiteElo "2405"]
[BlackElo "2265"]
[PlyCount "63"]
[EventDate "1984.07.??"]
[Source "ChessBase"]

1. e4 a6 2. c4 e6 3. Nc3 Bb4 4. Nf3 c5 5. a3 Bxc3 6. bxc3 d6 7. d4 Nc6 8. Bf4 Qa5 9. Qd2 Nf6 10. Bd3 d5 11. exd5 exd5 12. O-O cxd4 13. Qe2+ Be6 14. Nxd4 Nxd4 15. cxd4 dxc4 16. Bxc4 O-O 17. Bxe6 fxe6 18. Qxe6+ Kh8 19. Be5 Rae8 20. Qb3 Ng4 21. f4 Qd8 22. Rad1 b5 23. h3 Nf6 24. d5 Qb6+ 25. Kh2 Rd8 26. d6 Rd7 27. Rfe1 Rdf7 28. Bxf6 Rxf6 29. d7 Qb8 30. Re7 Rd8 31. Qg3 Rg6 32. Rde1 1-0

[Event "POL-chT2"]
[Site "?"]
[Date "2003.09.09"]
[Round "5"]
[White "Rudolf Michal"]
[Black "Siwiec Bartlomiej"]
[Result "1-0"]
[WhiteElo "2428"]
[BlackElo "2242"]
[PlyCount "47"]
[EventDate "2003.??.??"]
[Source "www.chesslib.no"]
[SourceDate "2004.05.04"]

1. e4 a6 2. d4 b5 3. Bd3 Bb7 4. Nf3 d6 5. O-O Nd7 6. c3 Ngf6 7. Re1 e5 8. a4 c6 9. Nbd2 Be7 10. Nf1 O-O 11. Ng3 g6 12. Bh6 Re8 13. h3 Qc7 14. Bc2 exd4 15. cxd4 c5 16. e5 Bxf3 17. Qxf3 dxe5 18. dxe5 Nxe5 19. Qf4 Nfd7 20. Rad1 Rac8 21. axb5 axb5 22. Nf5 gxf5 23. Qxf5 Ng6 24. Rxe7 1-0